|
|
|
|
| LEADER |
00000cam a2200000 7i4500 |
| 001 |
0000002340 |
| 005 |
20030528.0 |
| 020 |
0 |
0 |
|a 9290590343
|
| 090 |
0 |
0 |
|a 634.956
|b MUL 1984
|
| 245 |
0 |
0 |
|a MULTIPURPOSE tree germplasm :
|b proceedings, recommendations, and documents of a planning workshop to discuss international cooperation held at the National Academy of Sciences, Washington D.C., U.S.A., June 1983 /
|c edited by J. Burley and P. von Carlowitz
|
| 260 |
0 |
0 |
|a Nairobi, Kenya :
|b International Council for Research in Agroforestry ,
|c 1984
|
| 300 |
|
|
|a xvi, 298 p :
|b ill. ;
|c 24 cm.
|
| 500 |
0 |
0 |
|a Includes bibliographies
|
| 650 |
0 |
0 |
|a Multipurpose trees
|x Germplasm resources
|x Congresses
|
| 700 |
0 |
1 |
|a Burley
|h J. [
|q (Jeffery)]
|
| 700 |
0 |
1 |
|a Von Carlowitz
|h P.
|
| 710 |
1 |
1 |
|a International Board for Plant Genetic Resources
|
| 710 |
1 |
1 |
|a International Council for Research in Agroforestry
|
| 998 |
|
|
|a JPSM
|
| 999 |
|
|
|a 0000004239
|b Monograph
|c Open Shelf
|e Default branch
|